Welcome to CU Library Online Public Access Catalogue (OPAC)

Advanced Communication System (Record no. 8221)

MARC details
000 -LEADER
fixed length control field 00374nam a22001337a 4500
005 - DATE AND TIME OF LATEST TRANSACTION
control field 20251111163429.0
008 - FIXED-LENGTH DATA ELEMENTS--GENERAL INFORMATION
fixed length control field 251111b |||||||| |||| 00| 0 eng d
050 ## - LIBRARY OF CONGRESS CALL NUMBER
Classification number TK5102.7
Item number .K15
100 ## - MAIN ENTRY--PERSONAL NAME
Personal name Katiyar, Sapna
245 ## - TITLE STATEMENT
Title Advanced Communication System
Statement of responsibility, etc. Sapna Katiyar
260 ## - PUBLICATION, DISTRIBUTION, ETC.
Place of publication, distribution, etc. New Delhi
Name of publisher, distributor, etc. S. K. Kataria & Sons
Date of publication, distribution, etc. 2011
300 ## - PHYSICAL DESCRIPTION
Extent 444p.
Other physical details ill.
Dimensions 24cm
942 ## - ADDED ENTRY ELEMENTS (KOHA)
Source of classification or shelving scheme Library of Congress Classification
Koha item type Books
Suppress in OPAC No
999 ## -
-- 8221
-- 8221
Holdings
Withdrawn status Lost status Source of classification or shelving scheme Damaged status Not for loan Collection Home library Current library Shelving location Date acquired Total checkouts Full call number Barcode Date last seen Copy number Price effective from Koha item type
    Library of Congress Classification     Non-fiction Science Library (Miotso) Science Library (Miotso) General stacks 11/11/2025   TK5102.7 .K15 KAT SLM00005757 11/11/2025 1 11/11/2025 Books
    Library of Congress Classification     Non-fiction Science Library (Miotso) Science Library (Miotso) General stacks 11/11/2025   TK5102.7 .K15 KAT SLM00005758 11/11/2025 2 11/11/2025 Books
© 2023-2024 Copyright: Central University Libraries. All Rights Reserved | Created by: Mahone Tech Office